10 największych miast na terenie dawnej Jugosławii - Statystyki

Ogólne statystyki
  • Ten quiz został rozwiązany 484 razy
  • Średni wynik to 7 z 10
Statystyki odpowiedzi
Liczba ludności % ludności Miasto % Poprawnych
1 659 440 7,7% Belgrad
98%
792 875 3,7% Zagrzeb
98%
395 133 1,8% Sarajewo
94%
537 478 2,5% Skopje
85%
290 010 1,4% Lublana
84%
187 085 0,9% Podgorica
76%
178 102 0,8% Split
64%
372 999 1,7% Nowy Sad
58%
260 237 1,2% Nisz
32%
180 252 0,8% Kragujevac
9%
Nie znaleziono quizów pasujących do podanych kryteriów
Rozkład punktacji
Procent ludzi z każdym wynikiem
Percentyl według liczby udzielonych odpowiedzi
Twoja historia wyników
Nie rozwiązałeś tego quizu